Memorias del Papa Pío X / por el Cardenal Rafael Merry del Val ; prólogo del Excmo. Sr. Dr. D. Antonio García y García, Arzobispo de Valladolid ; traducido del original inglés por Rosa María Topete. (Record no. 103831)
[ view plain ]
| 000 -LEADER | |
|---|---|
| campo de control de longitud fija | 00866nam a2200217 i 4500 |
| 001 - NÚMERO DE CONTROL | |
| campo de control | 103831 |
| 003 - IDENTIFICADOR DE NÚMERO DE CONTROL | |
| campo de control | ES-MaACL |
| 005 - FECHA Y HORA DE LA ÚLTIMA TRANSACCIÓN | |
| campo de control | 20251012063045.0 |
| 007 - CAMPO FIJO DE DESCRIPCIÓN FÍSICA--INFORMACIÓN GENERAL | |
| campo de control de longitud fija | t| |
| 008 - DATOS DE LONGITUD FIJA--INFORMACIÓN GENERAL | |
| campo de control de longitud fija | 051118s1946 sp cf |||| |bspa d |
| 080 ## - NÚMERO DE LA CLASIFICACIÓN DECIMAL UNIVERSAL | |
| Número de la Clasificación Decimal Universal | 929Pio X, Papa, Santo |
| 100 1# - ENTRADA PRINCIPAL--NOMBRE DE PERSONA | |
| Nombre de persona | Merry del Val, Rafael, |
| Fechas asociadas al nombre | 1865-1930 |
| 9 (RLIN) | 151101 |
| 245 10 - MENCIÓN DEL TÍTULO | |
| Título | Memorias del Papa Pío X / por el Cardenal Rafael Merry del Val ; prólogo del Excmo. Sr. Dr. D. Antonio García y García, Arzobispo de Valladolid ; traducido del original inglés por Rosa María Topete. |
| 260 ## - PUBLICACIÓN, DISTRIBUCIÓN, ETC. | |
| Lugar de publicación, distribución, etc. | Madrid : |
| Nombre del editor, distribuidor, etc. | Atenas, |
| Fecha de publicación, distribución, etc. | 1946. |
| 300 ## - DESCRIPCIÓN FÍSICA | |
| Extensión | XXIII, 1 retr., 143 p., 4 lám. ; |
| Dimensiones | 19 cm. |
| 600 04 - PUNTO DE ACCESO ADICIONAL DE MATERIA--NOMBRE DE PERSONA | |
| Nombre de persona | Pío |
| Numeración | X, |
| Títulos y otros términos asociados al nombre | Papa, Santo |
| 9 (RLIN) | 92299 |
| 700 1# - ENTRADA AGREGADA--NOMBRE PERSONAL | |
| Nombre de persona | García y García, Antonio, |
| Títulos y otros términos asociados al nombre | Arzobispo de Valladolid. |
| 9 (RLIN) | 151102 |
| 700 1# - ENTRADA AGREGADA--NOMBRE PERSONAL | |
| Nombre de persona | Topete Bohigas, Rosa María. |
| 9 (RLIN) | 110596 |
| 852 ## - LOCALIZACIÓN | |
| Ubicación | ES-MaACL |
| Número de control de estantería | F-15134 |
| Estatus retirado | Estado de pérdida | Estado de daño | No para préstamo | Biblioteca de origen | Biblioteca actual | Ubicación en estantería | Fecha de adquisición | Fuente de adquisición | Total de préstamos | Signatura topográfica completa | Código de barras | Visto por última vez | Precio de reemplazo | Tipo de ítem Koha |
|---|---|---|---|---|---|---|---|---|---|---|---|---|---|---|
| Biblioteca del Ateneo de Madrid | Biblioteca del Ateneo de Madrid | Sala Pecera Planta 2 | 17/01/2008 | F-15134 | 1108404 | 23/02/2023 | 23/02/2023 | Libro impreso |
